[Event "2. Bundesliga West 2016/17"]
[Site "Salzburg/Wals"]
[Date "2017.03.03"]
[Round "9"]
[Board "5"]
[White "Pitl, Gregory"]
[Black "Ruescher, Christian"]
[Result "1-0"]
[WhiteElo "2397"]
[BlackElo "2058"]
[PlyCount "81"]
[EventDate "2016.10.28"]
[EventType "team"]
[EventRounds "11"]
[EventCountry "AUT"]
[WhiteTeam "SIR Bernhard 1"]
[BlackTeam "Dornbirn"]

1. e4 e6 2. Nf3 d5 3. Nc3 Nf6 4. e5 Nfd7 5. d4 c5 6. dxc5 Nc6 7. Bf4 Be7 8. h4
a6 9. h5 Nxc5 10. Rh3 Qb6 11. Rb1 Ne4 12. Nxe4 dxe4 13. Nd2 Qa5 14. Qe2 f5 15.
exf6 gxf6 16. Qxe4 e5 17. Bh6 Bxh3 18. gxh3 O-O-O 19. Bc4 Nd4 20. c3 f5 21. Qg2
Nc6 22. Qf3 Rd6 23. Qxf5+ Kb8 24. Bg7 Re8 25. h6 Rg6 26. Kf1 Rd8 27. Ne4 Qa4
28. Be2 Qxa2 29. Ng3 Qe6 30. Qxe6 Rxe6 31. Bg4 Red6 32. Ne4 Rd3 33. Ke2 Bh4 34.
Bf5 Ne7 35. Bxe5+ Ka8 36. Bxh7 Rxh3 37. Rg1 Nc6 38. Bf5 Nxe5 39. Bxh3 Nd3 40.
h7 Nf4+ 41. Kf3 1-0

[Event "2. Bundesliga West 2016/17"]
[Site "Salzburg/Wals"]
[Date "2017.03.03"]
[Round "9"]
[Board "6"]
[White "Busch, Michael"]
[Black "Durakovic, Alman"]
[Result "0-1"]
[WhiteElo "1960"]
[BlackElo "2280"]
[PlyCount "150"]
[EventDate "2016.10.28"]
[EventType "team"]
[EventRounds "11"]
[EventCountry "AUT"]
[WhiteTeam "Dornbirn"]
[BlackTeam "SIR Bernhard 1"]

1. c4 e5 2. g3 Nc6 3. Bg2 Bc5 4. Nc3 d6 5. Nf3 Nf6 6. d3 Bg4 7. O-O Qd7 8. Nd5
Nxd5 9. cxd5 Ne7 10. Qc2 Bb6 11. e4 O-O 12. Nd2 c6 13. Nc4 Bd4 14. Be3 b5 15.
Bxd4 bxc4 16. dxc6 Nxc6 17. Bc3 cxd3 18. Qxd3 a5 19. Rfe1 Be6 20. Red1 Rfd8 21.
Rd2 h5 22. Rad1 Qc7 23. Qe2 h4 24. b3 a4 25. b4 a3 26. Rc2 Qb6 27. b5 Na5 28.
Bxa5 Rxa5 29. Bf1 Bd7 30. Rd5 Ra4 31. Qd3 hxg3 32. hxg3 Be6 33. Rc6 Qb7 34.
Rdxd6 Rf8 35. Qc2 Rb4 36. Qc3 Rb1 37. Kg2 Bd7 38. Bd3 Bxc6 39. bxc6 Qb2 40.
Qxb2 Rxb2 41. Bc4 Rc2 42. Bd5 Kh7 43. Rd7 f6 44. Ra7 Rc3 45. Ra6 Rc8 46. Ra7
Kh6 47. Kf1 Rb8 48. Rb7 Ra8 49. Ke2 Ra5 50. Kf1 Rac5 51. Kg2 Rc2 52. Ra7 R5c3
53. Ra8 Rd2 54. Bf7 g6 55. Bd5 Rcc2 56. Rxa3 Rxf2+ 57. Kg1 Rfd2 58. Rf3 f5 59.
Bb3 Rd1+ 60. Rf1 Rxf1+ 61. Kxf1 Rxc6 62. exf5 gxf5 63. Ke2 Rc3 64. Kf2 Kg5 65.
Bd1 Rd3 66. Bb3 Kg4 67. Be6 Rf3+ 68. Ke2 Rxg3 69. Kf2 Rc3 70. Ke2 Kf4 71. Kd2
Rc6 72. Bb3 e4 73. a4 Rc5 74. Ke2 Ke5 75. Ke3 Rc3+ 0-1

[Event "2. Bundesliga West 2016/17"]
[Site "Salzburg/Wals"]
[Date "2017.03.04"]
[Round "10"]
[Board "1"]
[White "Gatterer, Florian"]
[Black "Mons, Leon"]
[Result "0-1"]
[WhiteElo "2281"]
[BlackElo "2461"]
[PlyCount "80"]
[EventDate "2016.10.28"]
[EventType "team"]
[EventRounds "11"]
[EventCountry "AUT"]
[WhiteTeam "Rochade Rum"]
[BlackTeam "SIR Bernhard 1"]

1. c4 e6 2. Nf3 d5 3. e3 Nf6 4. Nc3 c5 5. cxd5 exd5 6. d4 a6 7. Be2 Nc6 8. O-O
Bd6 9. b3 O-O 10. dxc5 Bxc5 11. Bb2 Ba7 12. Rc1 Re8 13. Na4 Ne4 14. Nd4 Qd6 15.
Nxc6 bxc6 16. Bd4 c5 17. Bb2 Bb7 18. Ba3 Rac8 19. Bg4 Bb8 20. g3 d4 21. exd4
Rcd8 22. Bf3 Qf6 23. Bb2 cxd4 24. Bg2 Nc3 25. Bxc3 dxc3 26. Qc2 Bxg2 27. Kxg2
Qc6+ 28. Kg1 Be5 29. Rcd1 g6 30. Nb2 Qf3 31. Nc4 Bd4 32. Rde1 h5 33. Qc1 Bxf2+
34. Rxf2 Rxe1+ 35. Qxe1 Rd1 36. Rxf3 Rxe1+ 37. Kf2 c2 38. Rc3 c1=Q 39. Rxc1
Rxc1 40. a4 Rc2+ 0-1

[Event "2. Bundesliga West 2016/17"]
[Site "Salzburg/Wals"]
[Date "2017.03.04"]
[Round "10"]
[Board "2"]
[White "Nestorovic, Nikola"]
[Black "Spornberger, Maximilian"]
[Result "1-0"]
[WhiteElo "2495"]
[BlackElo "2300"]
[PlyCount "117"]
[EventDate "2016.10.28"]
[EventType "team"]
[EventRounds "11"]
[EventCountry "AUT"]
[WhiteTeam "SIR Bernhard 1"]
[BlackTeam "Rochade Rum"]

1. e4 e6 2. d4 d5 3. Nc3 Bb4 4. e5 c5 5. a3 Bxc3+ 6. bxc3 Qa5 7. Bd2 Qa4 8. Qg4
Kf8 9. Qd1 Nc6 10. Nf3 c4 11. h4 Bd7 12. h5 h6 13. g4 Re8 14. Bh3 Ke7 15. Nh4
Kd8 16. f4 Nge7 17. f5 Kc8 18. O-O Nd8 19. Be3 exf5 20. gxf5 Kb8 21. Rf3 Ka8
22. Qd2 Nc8 23. Kh2 Rhg8 24. Rg3 f6 25. Bf4 Qa6 26. Qg2 fxe5 27. dxe5 Bc6 28.
Qd2 Nf7 29. Nf3 d4 30. cxd4 c3 31. Qxc3 Qe2+ 32. Kg1 Qe4 33. Qd2 Nb6 34. Re1
Qd5 35. Bf1 Qd8 36. c4 Bxf3 37. Rxf3 Qh4 38. Rg3 Ng5 39. Qf2 Rgf8 40. Bxg5 hxg5
41. Bd3 Qxh5 42. Qg2 Qf7 43. c5 Nd5 44. Bc4 Rd8 45. Rxg5 Qe7 46. Rxg7 Qh4 47.
Qe4 Qh6 48. f6 Rh8 49. Bxd5 Qh2+ 50. Kf1 Rh4 51. Qg2 Qf4+ 52. Bf3 Rh2 53. Rg8
Rh1+ 54. Qxh1 Rxg8 55. e6 Qxd4 56. f7 Rh8 57. Qg2 Qc4+ 58. Qe2 Qh4 59. e7 1-0

[Event "2. Bundesliga West 2016/17"]
[Site "Salzburg/Wals"]
[Date "2017.03.04"]
[Round "10"]
[Board "3"]
[White "Spornberger, Andre"]
[Black "Prusikin, Michael"]
[Result "1/2-1/2"]
[WhiteElo "2288"]
[BlackElo "2530"]
[PlyCount "57"]
[EventDate "2016.10.28"]
[EventType "team"]
[EventRounds "11"]
[EventCountry "AUT"]
[WhiteTeam "Rochade Rum"]
[BlackTeam "SIR Bernhard 1"]

1. d4 Nf6 2. Bf4 d5 3. e3 c5 4. c3 Qb6 5. Qb3 c4 6. Qc2 g6 7. Nd2 Bf5 8. Qc1
Nc6 9. h3 Bg7 10. Ngf3 O-O 11. Be2 Rfc8 12. O-O Qd8 13. Bd1 b5 14. Bc2 a5 15.
Bxf5 gxf5 16. Ne5 Qf8 17. Qc2 e6 18. Bh2 Kh8 19. Rae1 Nxe5 20. Bxe5 Ne4 21. Bh2
Nxd2 22. Qxd2 Bf6 23. f3 Qh6 24. Re2 Rg8 25. Kh1 Bg5 26. Qe1 Bh4 27. Qd2 Bg5
28. Qe1 Bh4 29. Qd2 1/2-1/2

[Event "2. Bundesliga West 2016/17"]
[Site "Salzburg/Wals"]
[Date "2017.03.04"]
[Round "10"]
[Board "4"]
[White "Pitl, Gregory"]
[Black "Pogan, Nikolas"]
[Result "1-0"]
[WhiteElo "2397"]
[BlackElo "2236"]
[PlyCount "49"]
[EventDate "2016.10.28"]
[EventType "team"]
[EventRounds "11"]
[EventCountry "AUT"]
[WhiteTeam "SIR Bernhard 1"]
[BlackTeam "Rochade Rum"]

1. e4 c6 2. d4 d5 3. e5 Bf5 4. Nf3 e6 5. Be2 Nd7 6. O-O Ne7 7. Nbd2 h6 8. Nb3
Qc7 9. Bd2 f6 10. exf6 gxf6 11. Nh4 O-O-O 12. Re1 Rg8 13. Bh5 e5 14. Rc1 Kb8
15. Ba5 b6 16. Bd2 Be6 17. dxe5 fxe5 18. Nd4 Qd6 19. Bf4 Bg7 20. Bg3 Nc5 21.
Nxe6 Qxe6 22. f3 Bf6 23. Bg4 Rxg4 24. fxg4 Ne4 25. Rxe4 1-0

[Event "2. Bundesliga West 2016/17"]
[Site "Salzburg/Wals"]
[Date "2017.03.04"]
[Round "10"]
[Board "5"]
[White "Moroder, Stefan"]
[Black "Durakovic, Alman"]
[Result "1/2-1/2"]
[WhiteElo "2206"]
[BlackElo "2280"]
[PlyCount "83"]
[EventDate "2016.10.28"]
[EventType "team"]
[EventRounds "11"]
[EventCountry "AUT"]
[WhiteTeam "Rochade Rum"]
[BlackTeam "SIR Bernhard 1"]

1. e4 c5 2. Nf3 e6 3. c3 d5 4. exd5 Qxd5 5. d4 Nf6 6. Be2 Be7 7. O-O O-O 8. c4
Qd6 9. Nc3 a6 10. dxc5 Qxc5 11. Bf4 Rd8 12. Qc2 Nbd7 13. a3 e5 14. b4 Qc7 15.
Bg3 b6 16. Rfe1 Bb7 17. Bd3 Bxf3 18. gxf3 Rac8 19. Rac1 Qb7 20. f4 exf4 21.
Rxe7 fxg3 22. hxg3 Re8 23. Rce1 Rxe7 24. Rxe7 g6 25. Qe2 Qc6 26. Ne4 Nxe4 27.
Bxe4 Qxc4 28. Qxc4 Rxc4 29. Bd5 Rc1+ 30. Kg2 Nf6 31. Bxf7+ Kf8 32. Ra7 Rc6 33.
Bb3 Rc3 34. Be6 Rxa3 35. Rf7+ Ke8 36. Rxf6 Ke7 37. Rf7+ Kxe6 38. Rxh7 Ra4 39.
Ra7 Kd5 40. f4 Kc4 41. Kh3 Kxb4 42. Rg7 1/2-1/2

[Event "2. Bundesliga West 2016/17"]
[Site "Salzburg/Wals"]
[Date "2017.03.04"]
[Round "10"]
[Board "6"]
[White "Grimberg, Boris"]
[Black "Jedinger, Andreas"]
[Result "1/2-1/2"]
[WhiteElo "2339"]
[BlackElo "2120"]
[PlyCount "68"]
[EventDate "2016.10.28"]
[EventType "team"]
[EventRounds "11"]
[EventCountry "AUT"]
[WhiteTeam "SIR Bernhard 1"]
[BlackTeam "Rochade Rum"]

1. e4 e5 2. Nf3 Nc6 3. Bc4 Nf6 4. d4 exd4 5. e5 d5 6. Bb5 Ne4 7. Nxd4 Bd7 8.
Bxc6 bxc6 9. O-O Bc5 10. Be3 Bb6 11. f3 Ng5 12. Nd2 O-O 13. f4 Ne6 14. N2b3 f6
15. exf6 Qxf6 16. Qd2 Rae8 17. Rad1 Nxd4 18. Bxd4 Bg4 19. Rde1 Rxe1 20. Rxe1
Qxf4 21. Qxf4 Rxf4 22. c3 Kf7 23. Nc5 Bf5 24. b4 a5 25. g3 Rg4 26. Rf1 Kg6 27.
Kf2 Bxc5 28. bxc5 Re4 29. Re1 Rxe1 30. Kxe1 Bb1 31. a3 Kf7 32. Kd2 g6 33. Ke3
Ke6 34. Kf4 h5 1/2-1/2

[Event "2. Bundesliga West 2016/17"]
[Site "Salzburg/Wals"]
[Date "2017.03.04"]
[Round "10"]
[Board "1"]
[White "Votava, Jan"]
[Black "Frank, Emanuel"]
[Result "1-0"]
[WhiteElo "2522"]
[BlackElo "2189"]
[PlyCount "161"]
[EventDate "2016.10.28"]
[EventType "team"]
[EventRounds "11"]
[EventCountry "AUT"]
[WhiteTeam "Zillertal"]
[BlackTeam "ASK Salzburg"]

1. Nf3 d5 2. c4 e6 3. g3 Nf6 4. Bg2 dxc4 5. Qa4+ Bd7 6. Qxc4 c5 7. Ne5 Qc8 8.
Nxd7 Qxd7 9. Nc3 Nc6 10. Qa4 Rc8 11. d3 Be7 12. Be3 O-O 13. Rc1 b6 14. O-O Rfd8
15. h3 Nd5 16. Bd2 Bf6 17. Rfe1 g6 18. h4 h5 19. Bg5 Nxc3 20. bxc3 Bxg5 21.
hxg5 Ne7 22. Qxd7 Rxd7 23. a4 Nc6 24. f4 Na5 25. c4 Rcd8 26. Kf2 Kg7 27. Be4
Nb3 28. Rc3 Na5 29. Rh1 Rd6 30. Rh2 R6d7 31. Rc1 Rh8 32. Rch1 Rdd8 33. Ke3 Rhg8
34. Bf3 Rh8 35. Rc1 Rd7 36. Rc3 Rhd8 37. Kd2 Rd4 38. Kc2 R4d7 39. Ra3 Rd6 40.
Kc3 R6d7 41. Ra1 Rh8 42. Rah1 Rdd8 43. e3 Rc8 44. g4 hxg4 45. Rxh8 Rxh8 46.
Rxh8 Kxh8 47. Bxg4 Nb7 48. d4 Kg7 49. d5 exd5 50. cxd5 Nd6 51. Kd3 Kf8 52. e4
Ke8 53. e5 Nb7 54. Kc3 Ke7 55. Bf3 Na5 56. d6+ Ke8 57. Bd5 a6 58. Bc4 Nc6 59.
Bxa6 Nd4 60. Bc4 Kd7 61. Kd3 Ke8 62. Ke4 Nf5 63. Bb5+ Kd8 64. Ba6 Kd7 65. Be2
Kd8 66. Bg4 Nd4 67. f5 gxf5+ 68. Bxf5 Ne2 69. e6 fxe6 70. Bxe6 Ng3+ 71. Ke5 Nh5
72. Bg4 Ng7 73. Kd5 Ne8 74. Be2 Ng7 75. g6 Kd7 76. Bb5+ Kd8 77. Kc6 Ne8 78.
Kxb6 Nxd6 79. g7 Nc8+ 80. Kxc5 Ne7 81. Bc4 1-0

[Event "2. Bundesliga West 2016/17"]
[Site "Salzburg/Wals"]
[Date "2017.03.04"]
[Round "10"]
[Board "2"]
[White "Juergens, Klaus"]
[Black "Lanka, Zigurds"]
[Result "0-1"]
[WhiteElo "2125"]
[BlackElo "2445"]
[PlyCount "42"]
[EventDate "2016.10.28"]
[EventType "team"]
[EventRounds "11"]
[EventCountry "AUT"]
[WhiteTeam "ASK Salzburg"]
[BlackTeam "Zillertal"]

1. e4 c5 2. Nc3 Nc6 3. Bb5 Nd4 4. Bc4 g6 5. Nge2 Bg7 6. Nxd4 cxd4 7. Qf3 Nh6 8.
d3 Qa5 9. Bxh6 Bxh6 10. Qxf7+ Kd8 11. Qd5 Qxd5 12. Nxd5 e6 13. Nf6 Bg7 14. e5
Bxf6 15. exf6 Rf8 16. O-O Rxf6 17. f4 b6 18. a4 Rb8 19. Ra3 Bb7 20. a5 b5 21.
Ba2 b4 0-1

[Event "2. Bundesliga West 2016/17"]
[Site "Salzburg/Wals"]
[Date "2017.03.04"]
[Round "10"]
[Board "3"]
[White "Hausner, Ivan"]
[Black "Scheiblmaier, Robert"]
[Result "1/2-1/2"]
[WhiteElo "2360"]
[BlackElo "2204"]
[PlyCount "130"]
[EventDate "2016.10.28"]
[EventType "team"]
[EventRounds "11"]
[EventCountry "AUT"]
[WhiteTeam "Zillertal"]
[BlackTeam "ASK Salzburg"]

1. c4 e6 2. g3 d5 3. Bg2 Nf6 4. Nf3 c5 5. d4 Be7 6. O-O O-O 7. cxd5 exd5 8.
dxc5 Bxc5 9. b3 Nc6 10. Nc3 Re8 11. Bb2 Bg4 12. h3 Be6 13. Na4 Be7 14. Nd4 Qd7
15. Kh2 Rac8 16. Rc1 Ne4 17. Nxc6 Rxc6 18. Rxc6 Qxc6 19. Qd4 Bf6 20. Qxa7 Bxb2
21. Nxb2 Qc2 22. Nd3 Qxe2 23. Nf4 Qa6 24. Qxa6 bxa6 25. Re1 Nc3 26. Nxd5 Nxa2
27. Nc7 Rd8 28. Nxe6 fxe6 29. Rxe6 Rd2 30. Rxa6 Rxf2 31. g4 Rb2 32. Rb6 Kf8 33.
Kg3 Nc1 34. Bd5 Ne2+ 35. Kh4 h6 36. Bc4 Nf4 37. Rb8+ Ke7 38. Kg3 Ne2+ 39. Kh4
Nf4 40. Rb7+ Kf6 41. Rf7+ Ke5 42. Kg3 g5 43. Re7+ Kd4 44. Rh7 Ke4 45. Re7+ Kd4
46. h4 gxh4+ 47. Kf3 Nh3 48. Rd7+ Kc5 49. Rd5+ Kb4 50. Rh5 Rf2+ 51. Ke3 Rf6 52.
Rxh4 Ng5 53. Rh2 Rf3+ 54. Ke2 Rg3 55. Rh4 Kc3 56. Bd5 Rd3 57. Bc4 Rg3 58. Rxh6
Rxg4 59. Rg6 Re4+ 60. Kf2 Re5 61. Kg3 Ne4+ 62. Kf4 Re7 63. Rc6 Nd2 64. Bd5+ Kd4
65. Be6 Rb7 1/2-1/2

[Event "2. Bundesliga West 2016/17"]
[Site "Salzburg/Wals"]
[Date "2017.03.04"]
[Round "10"]
[Board "4"]
[White "Loeffler, Christoph"]
[Black "Maiwald, Jens-Uwe"]
[Result "0-1"]
[WhiteElo "2124"]
[BlackElo "2448"]
[PlyCount "83"]
[EventDate "2016.10.28"]
[EventType "team"]
[EventRounds "11"]
[EventCountry "AUT"]
[WhiteTeam "ASK Salzburg"]
[BlackTeam "Zillertal"]

1. e4 g6 2. Nc3 Bg7 3. f4 c5 4. Nf3 Nc6 5. Bc4 e6 6. f5 Nge7 7. fxe6 dxe6 8. d3
h6 9. O-O a6 10. a4 Qc7 11. Qe1 g5 12. Qf2 Ng6 13. Be3 b6 14. Nd1 Bb7 15. c3
Nce5 16. Nxe5 Nxe5 17. Qg3 O-O-O 18. Nf2 Nxc4 19. Qxc7+ Kxc7 20. dxc4 f5 21. a5
f4 22. axb6+ Kxb6 23. Bc1 a5 24. Re1 Rhf8 25. Kf1 Rd7 26. Ra4 Bc6 27. Ra3 h5
28. h3 Be5 29. Ke2 Rfd8 30. Kf3 Rg7 31. Ke2 Rgd7 32. Kf3 Bc7 33. Re2 Rg7 34.
Re1 g4+ 35. hxg4 hxg4+ 36. Ke2 e5 37. Kf1 g3 38. Nh3 Rgd7 39. Ng5 Rd1 40. Ne6
Bxe4 41. Rb3+ Ka7 42. Nxd8 0-1

[Event "2. Bundesliga West 2016/17"]
[Site "Salzburg/Wals"]
[Date "2017.03.04"]
[Round "10"]
[Board "5"]
[White "Platzgummer, Fabian"]
[Black "Herrmann, Michael"]
[Result "1-0"]
[WhiteElo "2334"]
[BlackElo "2078"]
[PlyCount "45"]
[EventDate "2016.10.28"]
[EventType "team"]
[EventRounds "11"]
[EventCountry "AUT"]
[WhiteTeam "Zillertal"]
[BlackTeam "ASK Salzburg"]

1. Nf3 d5 2. g3 Nf6 3. Bg2 c6 4. O-O Bf5 5. c4 e6 6. cxd5 cxd5 7. Qb3 Qc8 8. d3
Nc6 9. Bf4 Be7 10. Nc3 O-O 11. Rac1 Qd7 12. Ne5 Nxe5 13. Bxe5 Rfc8 14. e4 dxe4
15. dxe4 Bg4 16. h3 Bh5 17. g4 Bg6 18. Rfd1 Qc6 19. Nd5 exd5 20. Rxc6 bxc6 21.
exd5 Nxd5 22. Qb7 Bc5 23. Rc1 1-0

[Event "2. Bundesliga West 2016/17"]
[Site "Salzburg/Wals"]
[Date "2017.03.04"]
[Round "10"]
[Board "6"]
[White "Flatz, Helmut"]
[Black "Tabernig, Bernhard"]
[Result "0-1"]
[WhiteElo "1892"]
[BlackElo "2330"]
[PlyCount "80"]
[EventDate "2016.10.28"]
[EventType "team"]
[EventRounds "11"]
[EventCountry "AUT"]
[WhiteTeam "ASK Salzburg"]
[BlackTeam "Zillertal"]

1. c4 Nf6 2. Nc3 e5 3. g3 Bb4 4. Bg2 Bxc3 5. bxc3 O-O 6. d3 d6 7. e3 Re8 8. Ne2
e4 9. O-O exd3 10. Qxd3 Nc6 11. Rd1 Ne5 12. Qc2 Nxc4 13. Qa4 Nb6 14. Qd4 Qe7
15. f3 Bd7 16. g4 Ba4 17. Re1 c5 18. Qd3 Qe6 19. e4 d5 20. Nf4 dxe4 21. Rxe4
Qc6 22. Rxe8+ Rxe8 23. c4 Re1+ 24. Kf2 Rd1 25. Qc3 Qd6 26. h4 h6 27. Bf1 Rd4
28. Be3 Rxf4 29. Bxf4 Qxf4 30. Kg2 Bc6 31. Be2 Nxg4 32. Rh1 Ne3+ 33. Kf2 Nbxc4
34. h5 Ng4+ 35. Ke1 Qg3+ 36. Kd1 Nf2+ 37. Kc1 Qf4+ 38. Kb1 Nd2+ 39. Kb2 Nxh1
40. Qd3 Qd4+ 0-1

[Event "2. Bundesliga West 2016/17"]
[Site "Salzburg/Wals"]
[Date "2017.03.04"]
[Round "10"]
[Board "1"]
[White "Fedorovsky, Michael"]
[Black "Matt, Fabian"]
[Result "1-0"]
[WhiteElo "2497"]
[BlackElo "2326"]
[PlyCount "77"]
[EventDate "2016.10.28"]
[EventType "team"]
[EventRounds "11"]
[EventCountry "AUT"]
[WhiteTeam "Jenbach 2"]
[BlackTeam "Goetzis 2"]

1. d4 Nf6 2. c4 g6 3. Nc3 Bg7 4. e4 d6 5. Nf3 O-O 6. Be2 e5 7. O-O Nc6 8. d5
Ne7 9. Ne1 Nd7 10. Be3 f5 11. f3 f4 12. Bf2 g5 13. Rc1 Nf6 14. c5 Ne8 15. cxd6
cxd6 16. Nb5 b6 17. Nd3 Rf6 18. Nb4 Rg6 19. Nc6 Qd7 20. Nbxa7 Nxc6 21. Nxc8
Qxc8 22. dxc6 Kh8 23. Qb3 g4 24. fxg4 Nf6 25. Qxb6 Nxe4 26. Qb7 Bh6 27. Qxc8+
Rxc8 28. Ba6 Rc7 29. Bb6 Rgg7 30. Bxc7 Rxc7 31. b4 f3 32. gxf3 Nd2 33. Rc2 d5
34. Rf2 Nb1 35. Rfe2 d4 36. Rxe5 Na3 37. Rcc5 Bf4 38. Re8+ Kg7 39. Rd8 1-0

[Event "2. Bundesliga West 2016/17"]
[Site "Salzburg/Wals"]
[Date "2017.03.04"]
[Round "10"]
[Board "2"]
[White "Gretz, Denis"]
[Black "Lehner, Oliver"]
[Result "1/2-1/2"]
[WhiteElo "2339"]
[BlackElo "2407"]
[PlyCount "60"]
[EventDate "2016.10.28"]
[EventType "team"]
[EventRounds "11"]
[EventCountry "AUT"]
[WhiteTeam "Goetzis 2"]
[BlackTeam "Jenbach 2"]

1. e4 e5 2. Nf3 Nc6 3. Bc4 Bc5 4. c3 Nf6 5. d3 a6 6. Bb3 d6 7. h3 O-O 8. Nbd2
Kh8 9. Nf1 d5 10. Qe2 dxe4 11. dxe4 h6 12. Ng3 Qe8 13. Nh4 Be6 14. Bc2 Ne7 15.
O-O Rd8 16. Qf3 Neg8 17. Nhf5 Qc6 18. Be3 Qb6 19. Bxc5 Qxc5 20. Rfd1 Qb6 21. b4
Rxd1+ 22. Qxd1 g6 23. Ne3 c5 24. a3 Rd8 25. Qe2 cxb4 26. cxb4 Ne7 27. Rd1 Nc6
28. Rxd8+ Qxd8 29. Qd3 Qxd3 30. Bxd3 a5 1/2-1/2

[Event "2. Bundesliga West 2016/17"]
[Site "Salzburg/Wals"]
[Date "2017.03.04"]
[Round "10"]
[Board "3"]
[White "Reich, Thomas"]
[Black "De Visser, Leon"]
[Result "1-0"]
[WhiteElo "2349"]
[BlackElo "2258"]
[PlyCount "135"]
[EventDate "2016.10.28"]
[EventType "team"]
[EventRounds "11"]
[EventCountry "AUT"]
[WhiteTeam "Jenbach 2"]
[BlackTeam "Goetzis 2"]

1. d4 d5 2. c4 c6 3. Nf3 Nf6 4. Nbd2 Bf5 5. Nh4 Be4 6. Nxe4 Nxe4 7. Nf3 e5 8.
a3 exd4 9. Qxd4 Bc5 10. Qe5+ Kf8 11. e3 Nd7 12. Qf5 Qa5+ 13. Bd2 Nxd2 14. Nxd2
Nf6 15. Rd1 Bb6 16. Be2 dxc4 17. Qc2 Bc7 18. Bxc4 Rd8 19. O-O g6 20. Nf3 Qc5
21. Qb3 Qe7 22. Rxd8+ Bxd8 23. Ng5 Nd5 24. Bxd5 Qxg5 25. Bxf7 Be7 26. f4 Qf6
27. f5 g5 28. Be6 b6 29. Qa4 Kg7 30. Qxa7 Rd8 31. Qxb6 Rd2 32. b4 Qc3 33. f6+
Bxf6 34. Qa7+ Kh6 35. Bg8 Bg7 36. Qe7 Qe5 37. Qxe5 Bxe5 38. Rf7 Bg7 39. Rc7 Bb2
40. Rxh7+ Kg6 41. Ra7 Re2 42. Kf1 Rxe3 43. a4 Bc3 44. Rb7 Kf6 45. a5 Re1+ 46.
Kf2 Rb1 47. Ke2 Rxb4 48. Rxb4 Bxb4 49. a6 Bc5 50. Kf3 Bb6 51. Kg4 Kg6 52. Be6
Kf6 53. Bd7 c5 54. Bb5 c4 55. Bxc4 Be3 56. h4 gxh4 57. Kxh4 Kg6 58. Kg4 Bg1 59.
Bb5 Kf6 60. Kh5 Be3 61. g4 Kg7 62. g5 Bd4 63. Kg4 Kf7 64. Kf5 Be3 65. g6+ Ke7
66. Bc4 Kf8 67. Ke6 Kg7 68. Bd3 1-0

[Event "2. Bundesliga West 2016/17"]
[Site "Salzburg/Wals"]
[Date "2017.03.04"]
[Round "10"]
[Board "4"]
[White "Scheffknecht, Philipp"]
[Black "Micheli, Carlo"]
[Result "1-0"]
[WhiteElo "2052"]
[BlackElo "2242"]
[PlyCount "81"]
[EventDate "2016.10.28"]
[EventType "team"]
[EventRounds "11"]
[EventCountry "AUT"]
[WhiteTeam "Goetzis 2"]
[BlackTeam "Jenbach 2"]

1. d4 Nf6 2. c4 g6 3. Nc3 Bg7 4. e4 d6 5. f3 O-O 6. Be3 c5 7. Nge2 Nc6 8. d5
Na5 9. Ng3 a6 10. Be2 Bd7 11. Rc1 Rb8 12. Nf1 b5 13. b3 bxc4 14. bxc4 Qc7 15.
Nd2 e5 16. Qc2 Nh5 17. g4 Nf4 18. Bf1 Bh6 19. Kf2 Qd8 20. h4 f6 21. Rg1 Qe7 22.
Rb1 Kh8 23. Bg2 Bg7 24. Ne2 f5 25. g5 fxe4 26. Nxe4 Bf5 27. N2g3 Qd7 28. Rh1
Rxb1 29. Rxb1 Nxg2 30. Kxg2 Bh3+ 31. Kh2 Bf5 32. Kg2 Nb7 33. Qb3 Bh3+ 34. Kh2
Na5 35. Qc3 Nb7 36. Bd2 Bf5 37. Rb6 Nd8 38. Rxd6 Qa4 39. Qb3 Qe8 40. Rxa6 Nf7
41. Be3 1-0

[Event "2. Bundesliga West 2016/17"]
[Site "Salzburg/Wals"]
[Date "2017.03.04"]
[Round "10"]
[Board "5"]
[White "Hoellrigl, Wilfried"]
[Black "Mueller, Philipp"]
[Result "1/2-1/2"]
[WhiteElo "2151"]
[BlackElo "2180"]
[PlyCount "87"]
[EventDate "2016.10.28"]
[EventType "team"]
[EventRounds "11"]
[EventCountry "AUT"]
[WhiteTeam "Jenbach 2"]
[BlackTeam "Goetzis 2"]

1. e4 c6 2. d4 d5 3. e5 c5 4. dxc5 Nc6 5. Nf3 Bg4 6. Bb5 e6 7. Be3 Nge7 8. c3
Qc7 9. Nbd2 Nf5 10. Bd4 Be7 11. O-O O-O 12. Bxc6 Qxc6 13. b4 b6 14. cxb6 axb6
15. Qb3 b5 16. h3 Bxf3 17. Nxf3 Ra4 18. g4 Nxd4 19. Nxd4 Qb6 20. Qd1 Rc8 21.
Qd3 Rc4 22. a3 Qa6 23. Kg2 Bd8 24. f4 Bb6 25. f5 Bxd4 26. fxe6 Qxe6 27. cxd4
Ra7 28. Rf4 Qc6 29. Raf1 Rc3 30. Qf5 g6 31. Qg5 Rcxa3 32. R1f2 Rd7 33. Rf6 Qc3
34. R6f3 Qxb4 35. e6 fxe6 36. Rf8+ Qxf8 37. Rxf8+ Kxf8 38. Qf6+ Rf7 39. Qxe6
Rff3 40. Qd6+ Kg7 41. Qe7+ Kg8 42. Qe6+ Kf8 43. Qd6+ Kg7 44. Qe7+ 1/2-1/2

[Event "2. Bundesliga West 2016/17"]
[Site "Salzburg/Wals"]
[Date "2017.03.04"]
[Round "10"]
[Board "6"]
[White "Kranz, Armin"]
[Black "Heinrich, Thomas"]
[Result "1/2-1/2"]
[WhiteElo "2071"]
[BlackElo "2150"]
[PlyCount "129"]
[EventDate "2016.10.28"]
[EventType "team"]
[EventRounds "11"]
[EventCountry "AUT"]
[WhiteTeam "Goetzis 2"]
[BlackTeam "Jenbach 2"]

1. d4 d5 2. c4 e6 3. Nf3 Nf6 4. g3 c6 5. Bg2 Be7 6. O-O O-O 7. Qc2 b6 8. Rd1
Bb7 9. b3 Nbd7 10. Nc3 Qc7 11. e4 Nxe4 12. Nxe4 dxe4 13. Bf4 Qc8 14. Qxe4 Nf6
15. Qe2 Re8 16. Bh3 Qd8 17. Ne5 Bd6 18. Bg2 Rc8 19. Rd3 Qe7 20. Rad1 Red8 21.
g4 Nd7 22. Rh3 Nf8 23. g5 Bxe5 24. Bxe5 c5 25. d5 exd5 26. cxd5 Ng6 27. d6 Qxg5
28. Rg3 Qxe5 29. Qxe5 Nxe5 30. Bxb7 Rb8 31. Bg2 Kf8 32. Rh3 h6 33. Re3 Ng4 34.
Re7 Rxd6 35. Rde1 a5 36. Bf1 Nf6 37. Bb5 g5 38. Ra7 Re6 39. Rxe6 fxe6 40. Kg2
Rd8 41. Kf3 Rd4 42. Rb7 Rf4+ 43. Kg2 Nd5 44. Bc4 Rf6 45. Kg3 h5 46. a3 h4+ 47.
Kg4 Rxf2 48. Kxg5 Rxh2 49. Bxd5 exd5 50. Rxb6 d4 51. Rb5 d3 52. Rxc5 d2 53. Rd5
Ke7 54. b4 axb4 55. axb4 Ke6 56. Rd8 Ke5 57. b5 Rf2 58. b6 Rf5+ 59. Kxh4 Rf4+
60. Kg5 Rd4 61. Rxd4 Kxd4 62. b7 d1=Q 63. b8=Q Qd2+ 64. Qf4+ Qxf4+ 65. Kxf4
 1/2-1/2

[Event "2. Bundesliga West 2016/17"]
[Site "Salzburg/Wals"]
[Date "2017.03.04"]
[Round "10"]
[Board "1"]
[White "Imnadze, Nato"]
[Black "Sergeev, Vladimir"]
[Result "1/2-1/2"]
[WhiteElo "2261"]
[BlackElo "2440"]
[PlyCount "63"]
[EventDate "2016.10.28"]
[EventType "team"]
[EventRounds "11"]
[EventCountry "AUT"]
[WhiteTeam "Pradl"]
[BlackTeam "Bregenz 2"]

1. e4 d6 2. d4 g6 3. Nc3 c6 4. a4 Bg7 5. h3 a5 6. Nge2 Na6 7. g3 Nb4 8. Bg2 d5
9. O-O dxe4 10. Nxe4 Bf5 11. c3 Bxe4 12. Bxe4 Nf6 13. Bg2 Nbd5 14. Nf4 Nxf4 15.
Bxf4 Nd5 16. Bxd5 Qxd5 17. Re1 e6 18. Be5 f6 19. Bf4 O-O 20. Qe2 Rfe8 21. c4
Qf5 22. Ra3 e5 23. dxe5 fxe5 24. Re3 Qxh3 25. Bxe5 Bxe5 26. Rxe5 Rxe5 27. Qxe5
Qd7 28. Qe7 Rd8 29. Re5 Qd1+ 30. Re1 Qd7 31. Re4 Qd1+ 32. Re1 1/2-1/2